Tăng cường hoạt động truyền thông marketing tích hợp (IMC) trong các doanh nghiệp ở Việt Nam /

Salvato in:
Dettagli Bibliografici
Autore principale: Nguyễn Viết Lâm, PGS.TS.
Natura: Articolo
Lingua:Vietnamese
Soggetti:
Tags: Aggiungi Tag
Nessun Tag, puoi essere il primo ad aggiungerne! !
Thư viện lưu trữ: Thư viện Trường Đại học Đà Lạt
LEADER 00742nam a2200265 4500
001 DLU140159939
005 ##20140220
040 # # |a DLU  |b vie 
041 # # |a vie 
044 # # |a vn 
100 # # |a Nguyễn Viết Lâm,   |c PGS.TS. 
245 # # |a Tăng cường hoạt động truyền thông marketing tích hợp (IMC) trong các doanh nghiệp ở Việt Nam /  |c Nguyễn Viết Lâm. 
653 # # |a Bán hàng 
653 # # |a Khuyến mại 
653 # # |a Quảng cáo 
653 # # |a Truyền thông 
773 # # |t Kinh tế và phát triển  |g Số 191, 2013, tr. 30-40 
994 # # |a DLU 
900 # # |a True 
911 # # |a Hoàng Thị Huyền 
925 # # |a G 
926 # # |a A 
927 # # |a BB 
980 # # |a Thư viện Trường Đại học Đà Lạt